| 000 | 00000nam 2200000zi 4500 |
| 001 | 9.945675 |
| 003 | CaOODSP |
| 005 | 20250219111412 |
| 006 | m o d f |
| 007 | cr |n||||||||| |
| 008 | 241127t19971996abcdb ob f000 0 eng d |
| 020 | |a0662251261|q(print) |
| 040 | |aCaOODSP|beng|erda|cCaOODSP |
| 043 | |an-cn-ab|an-cn-bc|an-cn-nt |
| 086 | 1 |aR71-49/4-2E-PDF|zR71-49/4-2E |
| 100 | 1 |aCarey, John H., |eauthor. |
| 245 | 10|aEffects of contaminants on aquatic organisms in the Peace, Athabasca and Slave River Basins / |cby J.H. Carey and O.T.R. Cordeiro. |
| 264 | 1|aEdmonton, Alberta : |bNorthern River Basins Study, |c1997. |
| 264 | 4|c©1996 |
| 300 | |a1 online resource (vi, 57 pages, 5 unnumbered pages) : |bcharts, maps. |
| 336 | |atext|btxt|2rdacontent |
| 337 | |acomputer|bc|2rdamedia |
| 338 | |aonline resource|bcr|2rdacarrier |
| 490 | 1 |aNorthern River Basins Study synthesis report ; |vno. 2 |
| 500 | |aDigitized edition from print [produced by Environment and Climate Change Canada]. |
| 500 | |a"November, 1997." |
| 504 | |aIncludes bibliographical references (pages 50-57). |
| 520 | |a"To determine whether contaminants in the NRBS study area were causing harmful effects on biota of the systems and identify methodologies for monitoring biological effects, the Contaminants Component developed a work plan with four primary objectives. These objectives were:• to conduct a basin-wide survey of biochemical responses to contaminants in at least one major resident fish species;• to conduct a basin-wide survey of toxicity in bottom and suspended sediments;• to assess the utility of semi-permeable membrane devices as substitutes for wild fish in long term biological effects monitoring;• to assess the feasibility of using small, locally-resident fish species as alternates to large adult fish in long term biological effects monitoring"--Summary. |
| 530 | |aIssued also in print format. |
| 650 | 0|aFishes|xEffect of water pollution on|zAlberta|zAthabasca River Watershed. |
| 650 | 0|aFishes|xEffect of water pollution on|zPeace River Watershed (B.C. and Alta.) |
| 650 | 0|aFishes|xEffect of water pollution on|zSlave River Watershed (Alta. and N.W.T.) |
| 650 | 0|aAquatic organisms|xEffect of water pollution on|zAlberta|zAthabasca River Watershed. |
| 650 | 0|aAquatic organisms|xEffect of water pollution on|zPeace River Watershed (B.C. and Alta.) |
| 650 | 0|aAquatic organisms|xEffect of water pollution on|zSlave River Watershed (Alta. and N.W.T.) |
| 650 | 6|aPoissons|xEffets de la pollution de l'eau sur|zAlberta|zAthabasca, Bassin de l'. |
| 650 | 6|aPoissons|xEffets de la pollution de l'eau sur|zPaix, Bassin de la rivière de la (C.-B. et Alb.) |
| 650 | 6|aPoissons|xEffets de la pollution de l'eau sur|zEsclaves, Rivière des (Alb. et T.N.-O.) |
| 650 | 6|aOrganismes aquatiques|xEffets de la pollution de l'eau sur|zAlberta|zAthabasca, Bassin de l'. |
| 650 | 6|aOrganismes aquatiques|xEffets de la pollution de l'eau sur|zPaix, Bassin de la rivière de la (C.-B. et Alb.) |
| 650 | 6|aOrganismes aquatiques|xEffets de la pollution de l'eau sur|zEsclaves, Rivière des (Alb. et T.N.-O.) |
| 710 | 2 |aNorthern River Basins Study (Canada), |eissuing body. |
| 776 | 0#|tEffects of contaminants on aquatic organisms in the Peace, Athabasca and Slave river basins : |w(CaOODSP)9.613392 |
| 830 | #0|aNorthern River Basins Study synthesis report ;|vno. 2.|w(CaOODSP)9.883432 |
| 856 | 40|qPDF|s3011 KB|uhttps://publications.gc.ca/collections/collection_2024/eccc/R71-49-4-2-eng.pdf |